000 00614cam a22002053a 4500
001 44655
003 PGUSA
005 20140828084023.0
008 140113s2014||||xxu|||||s|||||000 | eng d
040 _aPGUSA
_beng
042 _adc
100 1 _aBaxter, Richard,
_d1615-1691
245 1 2 _aA Christian Directory (Part 3 of 4) :
_bChristian Ecclesiastics
_h[electronic resource] /
_cRichard Baxter
260 _bProject Gutenberg,
_c2014
506 _aPublic domain in the USA.
516 _aElectronic text
830 0 _aProject Gutenberg
_v44655
856 4 0 _uhttp://www.gutenberg.org/ebooks/44655
942 _cEB
999 _c273906
_d273906